00283nam a22001097a 4500008004100000020001500041082001500056100001900071245003600090260003900126300000800165230619b xxu||||| |||| 00| 0 eng d a089490180X a283.3bBEN cJudith Bentley aArchbishop Tutu of South Africa aSouth AfricabJudith Bentleyc1988 a96p